Sports Quiz

Random Sports or Tennis Quiz
Score 0/20 Timer 12:00
0 Plays Today
Question Answer Wrong Answers
Sur quelle surface se joue le tournoi ? ???
98.4%
???
0.8%
???
0.6%
Où se déroule le tournoi ? ???
95.8%
???
2.8%
???
0.4%
???
1.1%
Quel joueur détient le trophée ? ???
84.6%
???
5.4%
???
1.7%
???
8.1%
Rafael Nadal n'a jamais remporté le tournoi. ???
78.8%
???
20.8%
Qui est le plus titré là-bas (4) ? ???
77.3%
???
0.5%
???
21.3%
???
0.7%
Et Roger Federer, combien de fois s'est-il imposé là-bas ? ???
73%
???
2%
???
24.6%
Il n'a d'ailleurs jamais atteint la finale non plus. ???
72%
???
27.6%
Qui a abandonné sans réelle raison après avoir pris un point de pénalité et perdu le premier set en 2017 ? ???
70.7%
???
11.6%
???
14.6%
???
2.1%
Malheureusement pour lui, Novak Djokovic était en démonstration. Il est devenu le troisième joueur à accomplir un exploit en Masters 1000. Lequel ? ???
65.6%
???
13%
???
6.5%
???
13.6%
Quel est le deuxième français à avoir disputé la finale l'année suivante ? ???
58.1%
???
9.8%
???
19%
???
12.2%
L'année dernière, quel joueur s'est hissé en finale après avoir sorti Stanislas Wawrinka, Juan Martin del Potro ou encore Roger Federer ? ???
50.5%
???
17.8%
???
21.6%
???
8.8%
En quelle année le tournoi est-il entré dans la catégorie des Masters 1000 ? ???
45.1%
???
9.4%
???
18.1%
???
27.2%
Quel est le nom du stade inauguré en 2005 et où se déroule le tournoi ? ???
42.5%
???
5.7%
???
42.1%
???
9%
La finale s'est déjà jouée en 3 sets gagnants. ???
41.4%
???
57.8%
En quelle année a-t-il été créé ? ???
33.8%
???
3.3%
???
12.3%
???
50.5%
Et le deuxième plus titré (3) ? ???
32.4%
???
7.7%
???
56.9%
???
2.6%
Gilles Simon est le premier français à avoir joué une finale là-bas. C'était en quelle année ? ???
27.9%
???
31.2%
???
22.6%
???
17.4%
Cette même année, en finale, de combien de secondes Roger Federer a-t-il eu besoin pour remporter l'un de ses jeux de service face à Rafael Nadal (4 services, 4 aces) ? ???
27.7%
???
25.6%
???
37%
???
8.5%
En quelle année le tournoi n'a pas eu lieu pour laisser place à l'ATP finals ? ???
18%
???
6.4%
???
31.8%
???
43.2%
Quelle paire française s'est imposée en double en 2009 ? ???
16.3%
???
33.7%
???
22.2%
???
26.7%
Remove Ads.
Support Sporcle.
Get the best of Sporcle when you Go Orange. This ad-free experience offers more features, more stats, and more fun while also helping to support Sporcle. Thank you for becoming a member.

You're not logged in!

Compare scores with friends on all Sporcle quizzes.
OR
Log In

Show Comments

Extras

Top Quizzes Today


Score Distribution

Your Account Isn't Verified!

In order to create a playlist on Sporcle, you need to verify the email address you used during registration. Go to your Sporcle Settings to finish the process.

Report this User

Report this user for behavior that violates our Community Guidelines.

Details: